📖💬 Paroles "La Laitière et le Pot au lait" la Fontaine - Statistiques

Statistiques générales
  • Ce quiz a été pris 141 fois
  • Le résultat moyen est 173 sur 326
Statistiques - réponses
Mots % Correct
à
100%
l'
97%
Perrette,
97%
Perrette
97%
Picrochole,
97%
Pyrrhus,
97%
Espagne ?
95%
la
95%
là,
95%
La
95%
là-
95%
lait
95%
lait ;
95%
lait.
95%
pot
93%
Pot
93%
S'
93%
s'
93%
sophi ;
93%
au
92%
sa
88%
Sa
88%
le
86%
Le
86%
un
86%
et
85%
Et
85%
m'
85%
Va
85%
d'
83%
D'
83%
ma
83%
de
80%
en
80%
En
80%
n'
80%
son
78%
son ;
78%
sur
78%
J'
73%
Jean
73%
vache
73%
vache,
73%
veau,
73%
elle
71%
elle,
71%
ne
71%
pas ;
71%
qui
71%
Qui
71%
tête
71%
ce
69%
des
69%
une
69%
Une
69%
"Il
68%
il
68%
Il
68%
pour
66%
cochon.
64%
cochon,
64%
par
64%
Que
64%
que
64%
Bien
61%
bien
61%
dans
61%
est,
61%
est
61%
je
61%
Je
61%
les
61%
Les
61%
On
61%
plus
61%
du
59%
être
58%
grand
58%
laitière
58%
laitière,
58%
mon
58%
jour-
56%
posé
56%
adieu
53%
avoir
51%
ces
51%
dessus
51%
allait
49%
coussinet,
47%
suis
47%
Tout
47%
fait ;
46%
fait
46%
fait-
46%
grands
46%
peu
46%
quand
46%
Quand
46%
était,
44%
nous,
44%
sans
44%
tombe :
44%
comme
42%
marri
42%
dont
41%
Gros-
41%
ayant
39%
Ayant
39%
mari,
39%
Quel
39%
tous,
39%
Tous
39%
aurai,
37%
bat
37%
Notre
37%
notre
37%
aussi,
36%
bon.
36%
couvée :
36%
couvée.
36%
même ;
36%
ville.
36%
argent ;
34%
argent
34%
mis
34%
monde
34%
prix
34%
assez
32%
bel
32%
court
32%
devant.
32%
disait-
32%
maison ;
32%
moi-
32%
toutes
32%
ainsi
31%
battue.
31%
fut
31%
rien
31%
vêtue,
31%
danger
29%
œufs,
29%
sera
29%
châteaux
27%
Cotillon
27%
fais
27%
saute
27%
simple
27%
agile,
25%
chose
25%
Légère
25%
nos
25%
plats.
25%
porc
25%
souliers
25%
aime ;
24%
appela
24%
alors
22%
campagne ?
22%
cent
22%
dame
22%
déjà
22%
encombre
22%
poulets
22%
transportée :
22%
Comptait
20%
coûtera
20%
enfin
20%
fortune
20%
pensée
20%
roi,
20%
seul,
20%
vais
20%
biens,
19%
excuser
19%
grosseur
19%
laisse
19%
Quelque
19%
raisonnable :
19%
renard
19%
sauter
19%
Vu
19%
empêchera
17%
employait
17%
engraisser
17%
eus,
17%
facile,
17%
faisait
17%
farce
17%
femmes.
17%
mettre
17%
œil
17%
récit
17%
répandue,
17%
troussée
17%
verrai
17%
Achetait
15%
arriver
15%
autour
15%
diligent.
15%
élever
15%
étable,
15%
milieu
15%
peuple
15%
Prétendait
15%
revendant,
15%
soin
15%
troupeau ?"
15%
esprit
14%
habile,
14%
Autant
12%
fous.
12%
triple
12%
vont
12%
Chacun
10%
élit
10%
sages
10%
diadèmes
8%
emporte
8%
pleuvant :
8%
brave
7%
défi ;
7%
doux :
7%
honneurs,
7%
quittant
7%
rentre
7%
accident
5%
âmes ;
5%
détrôner
5%
écarte,
5%
songe
5%
erreur
3%
flatteuse
3%
veillant ;
3%
Aucun quiz correspondant
Distribution des résultats
% des personnes avec chaque résultat
Percentile par nombre de réponses
Votre historique - résultats
Vous n’avez pas pris ce quiz